| 000 | 00501 a2200145 4500 | ||
|---|---|---|---|
| 005 | 20250610104805.0 | ||
| 020 | _a978-0-07-148439-8 | ||
| 082 | _aLECT 658.4 BAC | ||
| 100 | _aBACAL, R. | ||
| 245 | _aHow to manage performance: 24lessons for improving performance | ||
| 260 |
_aNew York, _bMcGraw-Hill, _c2007. |
||
| 300 |
_axiii, 99p.: figure, picture. _c 21cm. |
||
| 856 |
_yAccess online book _fHow to manage performance: 24lessons for improving performance _dmhprofessional.com |
||
| 942 |
_2ddc _cBKS |
||
| 999 |
_c3592 _d3592 |
||